| 000 | 00865pam a2200241 a 4500 | ||
|---|---|---|---|
| 999 |
_c26836 _d26836 |
||
| 001 | 4714360 | ||
| 003 | OSt | ||
| 005 | 20170206145108.0 | ||
| 008 | 830512s1983 dcua bc 000 0 eng | ||
| 010 | _a 83010922 | ||
| 020 |
_a0891331107 (pbk.) : _c$9.95 |
||
| 040 |
_aDLC _cDLC _dDLC |
||
| 050 | 0 | 0 |
_aNK3399 _b.N94 1983 |
| 082 | 0 | 0 |
_a747/.3 _219 |
| 100 | 1 | _aNylander, Richard C. | |
| 245 | 1 | 0 |
_aWallpapers for historic buildings : _ba guide to selecting reproduction wallpapers / _cRichard C. Nylander. |
| 260 |
_aWashington, D.C. : _bPreservation Press, _cc1983. |
||
| 300 |
_a127 p. : _bill. ; _c24 cm. |
||
| 504 | _aBibliography: p. 124-125. | ||
| 650 | 0 |
_aWallpaper _xReproduction _xCatalogs. |
|
| 906 |
_a7 _bcbc _corignew _d1 _eocip _f19 _gy-gencatlg |
||
| 942 |
_2lcc _cBOOKS _hNK 3399 .N94 1983 |
||